[Event "Stay Safe Play From Home 237"]
[Site "Emanuel Lasker Arena"]
[Date "2020.06.18"]
[Round "6"]
[White "Dukic"]
[Black "Matanant"]
[Result "0-1"]
[WhiteElo "1928"]
[BlackElo "1771"]
[Annotator "TA"]
[PlyCount "72"]
[EventDate "2020.06.18"]
[EventType "swiss (blitz)"]

{[%evp 18,72,36,30,41,22,22,0,0,8,0,7,43,16,59,-31,48,51,320,314,314,284,289,267,29999,457,29994,366,360,-59,-36,-68,-42,-54,9,3,6,4,36,53,689,39,85,75,81,0,0,0,0,-29988,-29989,-29991,-4694,-29991,-1492,-759,-762]} 1. c4 c5 2. Nc3 Nc6 3. Nf3 Nf6 4. d4 cxd4 5. Nxd4 d6 6. Nc2 g6 7. g3 Bg7 8. Bg2 Bd7 9. O-O O-O {9...h5 is the fancy move. Played by Quang Liem Le in May 2020.} 10. b3 Rb8 {[#] A38: Symmetrical English vs ...g6: 4 Bg2 Bg7 5 Nf3 Nf6.} 11. Qd2 $146 ({Predecessor:} 11. Bd2 a6 12. a4 Qc8 13. Rc1 Bh3 14. Nd5 Bxg2 15. Nxf6+ Bxf6 16. Kxg2 Qe6 17. Ne3 b5 18. axb5 axb5 {½-½ (31) Meier,G (2669)-Ruck,R (2554) Austria 2011}) 11... a6 12. Rd1 b5 {The position is equal.} 13. cxb5 axb5 14. Bb2 Ne5 15. Ne3 Bc6 16. f4 (16. Bxc6 $14 Nxc6 17. Rac1) 16... Bxg2 (16... Neg4 $1 $15 17. Bxc6 Qb6 {[%mdl 64] Double Attack}) 17. fxe5 $14 Bh3 $2 {[%mdl 8192]} (17... Ne4 $14 18. Nxe4 Bxe4) 18. exf6 $18 Bxf6 19. Ncd5 Bg5 20. Qd4 {[%csl Gb2][%cal Rd4h8]} e6 $2 (20... e5 $18 21. Qe4 f5) 21. Nf6+ (21. Qg7# $142) 21... Kg7 {[#]} (21... Qxf6 $18 22. Qxf6 Bxf6) 22. Ne4+ $2 (22. Ne8+ $1 {mates} Kh6 23. Ng4+ Bxg4 24. Qg7+ {[%mdl 64] Double Attack} Kh5 25. Qxh7+ Bh6 26. Ng7+ Kg5 27. h4#) 22... e5 23. Qxd6 $2 (23. Qc3 $18) 23... Qxd6 24. Nxd6 Bxe3+ 25. Kh1 Rfd8 (25... f6 $15 26. Rd3 Bc5) 26. Bxe5+ $11 f6 $132 {[%mdl 2048] Black has counterplay} 27. Bf4 Bb6 {...g5 is the strong threat.} 28. Nxb5 Bd7 $2 {[%mdl 8192] [#]} (28... Rxd1+ $14 29. Rxd1 Re8) 29. Nd4 $2 (29. Rxd7+ $1 $18 Rxd7 30. Bxb8) 29... Rbc8 {[#] Hoping for ...Bxd4.} 30. Be3 $1 Re8 31. Nf5+ ({Better is} 31. Nf3 $16 Rxe3 32. Rxd7+ Kh6 33. Rb7) 31... Bxf5 32. Bxb6 Rxe2 {( -> ...Rcc2)} 33. a4 $2 {[%mdl 8192]} (33. Re1 $11 Rd2 34. Ba5) 33... Rcc2 34. h4 Be4+ 35. Kg1 Rg2+ (35... Rh2 $142 36. Rd7+ Kg8 37. Rd8+ Kf7 38. Rd7+ Ke6 39. Rd6+ {[%mdl 64] Decoy} Kxd6 40. Rd1+ Ke6 41. Kf1 Rh1+ 42. Bg1 Bg2+ 43. Ke1 Rxg1#) 36. Kf1 $19 Rh2 {Accuracy: White = 48%, Black = 42%.} 0-1

[Event "Stay Safe Play From Home 237"]
[Site "Emanuel Lasker Arena"]
[Date "2020.06.18"]
[Round "6"]
[White "Timbre"]
[Black "Edmatuag"]
[Result "0-1"]
[WhiteElo "1646"]
[BlackElo "1600"]
[Annotator "NA RC"]
[PlyCount "64"]
[EventDate "2020.06.18"]
[EventType "swiss (blitz)"]

1. d4 {[%emt 0:00:09]} d5 {[%emt 0:00:01]} 2. Nf3 {[%emt 0:00:04]} Nf6 {[%emt 0:00:01]} 3. c3 {[%emt 0:00:01]} Nc6 {[%emt 0:00:00]} 4. Bf4 {[%emt 0:00:02]} Bf5 {[%emt 0:00:01]} 5. e3 {[%emt 0:00:01]} e6 {[%emt 0:00:01]} 6. Bd3 {[%emt 0:00:01]} Bd6 {[%emt 0:00:01]} 7. Qc2 {[%emt 0:00:02]} Be4 {[%emt 0:00:02]} 8. Bxe4 {[%emt 0:00:02]} Nxe4 {[%emt 0:00:02]} 9. Bg3 {[%emt 0:00:03]} h5 {[%emt 0:00:02]} 10. Nbd2 {[%emt 0:00:03]} h4 {[%emt 0:00:02]} 11. Bxd6 {[%emt 0:00:03]} Qxd6 {[%emt 0:00:02]} 12. Nxe4 {[%emt 0:00:02]} dxe4 {[%emt 0:00:02]} 13. Qxe4 {[%emt 0:00:01]} h3 {[%emt 0:00:07]} 14. g3 {[%emt 0:00:07]} f6 {[%emt 0:00:02]} 15. Qg6+ {[%emt 0:00:09]} Kd7 {[%emt 0:00:07]} 16. Qxg7+ {[%emt 0:00:10]} Ne7 {[%emt 0:00:01]} 17. Qg4 {[%emt 0:00:07]} Rag8 {[%emt 0:00:08]} 18. Qf4 {[%emt 0:00:02]} e5 {[%emt 0:00:04]} 19. dxe5 {[%emt 0:00:05]} fxe5 {[%emt 0:00:06]} 20. Nxe5+ {[%emt 0:00:11]} Kc8 {[%emt 0:00:03]} 21. Nf7 {[%emt 0:00:11]} Qd5 {[%emt 0:00:04]} 22. Ke2 {[%emt 0:00:20]} Rh7 {[%emt 0:00:18]} 23. Ng5 {[%emt 0:00:13]} Qxg5 {[%emt 0:00:09]} 24. Qe4 {[%emt 0:00:11]} Qb5+ {[%emt 0:00:05]} 25. Qd3 {[%emt 0:00:20]} Qxd3+ {[%emt 0:00:04]} 26. Kxd3 {[%emt 0:00:02]} Rf7 {[%emt 0:00:02]} 27. f4 {[%emt 0:00:02]} Rd8+ {[%emt 0:00:03]} 28. Ke2 {[%emt 0:00:02]} Nf5 {[%emt 0:00:03]} 29. Kf3 {[%emt 0:00:06]} Rd3 {[%emt 0:00:03]} 30. Rae1 {[%emt 0:00:03]} Re7 {[%emt 0:00:01]} 31. Kg4 {[%emt 0:00:02]} Nxe3+ {[%emt 0:00:01]} 32. Kxh3 {[%emt 0:00:02]} Rh7# {[%emt 0:00:02] (Lag: Av=0.34s, max=1.4s)} 0-1

[Event "Stay Safe Play From Home 237"]
[Site "Emanuel Lasker Arena"]
[Date "2020.06.18"]
[Round "6"]
[White "Shyamph1980"]
[Black "Tunca"]
[Result "0-1"]
[WhiteElo "1638"]
[BlackElo "1636"]
[Annotator "NA RC"]
[PlyCount "130"]
[EventDate "2020.06.18"]
[EventType "swiss (blitz)"]

1. e4 {[%emt 0:00:01]} Nf6 {[%emt 0:00:08]} 2. Nc3 {[%emt 0:00:04]} e6 {[%emt 0:00:04]} 3. a3 {[%emt 0:00:01]} d5 {[%emt 0:00:03]} 4. exd5 {[%emt 0:00:02]} exd5 {[%emt 0:00:01]} 5. d4 {[%emt 0:00:01]} Bd6 {[%emt 0:00:04]} 6. Bg5 {[%emt 0:00:03]} c6 {[%emt 0:00:01]} 7. Bd3 {[%emt 0:00:02]} O-O {[%emt 0:00:01]} 8. Nge2 {[%emt 0:00:05]} Re8 {[%emt 0:00:02]} 9. O-O {[%emt 0:00:01]} Be6 {[%emt 0:00:14]} 10. Qd2 {[%emt 0:00:04]} Nbd7 {[%emt 0:00:01]} 11. Rae1 {[%emt 0:00:07]} Qc7 {[%emt 0:00:05]} 12. g3 {[%emt 0:00:03]} Bh3 {[%emt 0:00:10]} 13. Nf4 {[%emt 0:00:09]} Bxf1 {[%emt 0:00:02]} 14. Rxf1 {[%emt 0:00:05]} h6 {[%emt 0:00:05]} 15. Bxf6 {[%emt 0:00:03]} Nxf6 {[%emt 0:00:00]} 16. Nfe2 {[%emt 0:00:01]} Re7 {[%emt 0:00:17]} 17. f4 {[%emt 0:00:01]} Rae8 {[%emt 0:00:01]} 18. Bf5 {[%emt 0:00:02]} g6 {[%emt 0:00:06]} 19. Bd3 {[%emt 0:00:06]} Ng4 {[%emt 0:00:05]} 20. Nd1 {[%emt 0:00:06]} h5 {[%emt 0:00:10]} 21. h3 {[%emt 0:00:04]} Ne3 {[%emt 0:00:01]} 22. Nxe3 {[%emt 0:00:02]} Rxe3 {[%emt 0:00:00]} 23. Kf2 {[%emt 0:00:02]} R3e7 {[%emt 0:00:05]} 24. c3 {[%emt 0:00:03]} c5 {[%emt 0:00:03]} 25. Kg2 {[%emt 0:00:04]} Re3 {[%emt 0:00:15]} 26. Kf2 {[%emt 0:00:04]} R3e7 {[%emt 0:00:02]} 27. Kg2 {[%emt 0:00:03]} a6 {[%emt 0:00:01]} 28. a4 {[%emt 0:00:02]} f5 {[%emt 0:00:04]} 29. Ng1 {[%emt 0:00:11]} cxd4 {[%emt 0:00:06]} 30. cxd4 {[%emt 0:00:03]} Qb6 {[%emt 0:00:01]} 31. Bb1 {[%emt 0:00:05]} Qb4 {[%emt 0:00:04]} 32. Qxb4 {[%emt 0:00:05]} Bxb4 {[%emt 0:00:00]} 33. Nf3 {[%emt 0:00:01]} Re2+ {[%emt 0:00:01]} 34. Rf2 {[%emt 0:00:02]} Rxf2+ {[%emt 0:00:08]} 35. Kxf2 {[%emt 0:00:01]} Bd6 {[%emt 0:00:05]} 36. Ba2 {[%emt 0:00:02]} Rd8 {[%emt 0:00:02]} 37. Bxd5+ {[%emt 0:00:01]} Kg7 {[%emt 0:00:00]} 38. Bxb7 {[%emt 0:00:01]} Rb8 {[%emt 0:00:01]} 39. Bxa6 {[%emt 0:00:01]} Rxb2+ {[%emt 0:00:00]} 40. Be2 {[%emt 0:00:01]} Ra2 {[%emt 0:00:01]} 41. Ne5 {[%emt 0:00:03]} Bxe5 {[%emt 0:00:02]} 42. dxe5 {[%emt 0:00:02]} Rxa4 {[%emt 0:00:00]} 43. Kf3 {[%emt 0:00:01]} Ra3+ {[%emt 0:00:01]} 44. Kf2 {[%emt 0:00:02]} Kf8 {[%emt 0:00:01]} 45. Bc4 {[%emt 0:00:04]} Ke7 {[%emt 0:00:01]} 46. Kg2 {[%emt 0:00:03]} Rc3 {[%emt 0:00:01]} 47. Be2 {[%emt 0:00:07]} Rc2 {[%emt 0:00:01]} 48. Kf3 {[%emt 0:00:01]} Ke6 {[%emt 0:00:01]} 49. Bd3 {[%emt 0:00:03]} Rc3 {[%emt 0:00:02]} 50. Ke3 {[%emt 0:00:01]} Kd5 {[%emt 0:00:00]} 51. Kd2 {[%emt 0:00:02]} Ra3 {[%emt 0:00:00]} 52. Ke2 {[%emt 0:00:07]} Kd4 {[%emt 0:00:01]} 53. Bb1 {[%emt 0:00:02]} Rxg3 {[%emt 0:00:00]} 54. Kf2 {[%emt 0:00:02]} Rxh3 {[%emt 0:00:01]} 55. Kg2 {[%emt 0:00:01]} Rh4 {[%emt 0:00:01]} 56. Kg3 {[%emt 0:00:01]} Rg4+ {[%emt 0:00:01]} 57. Kf3 {[%emt 0:00:01]} h4 {[%emt 0:00:00]} 58. Bc2 {[%emt 0:00:01]} h3 {[%emt 0:00:00]} 59. Bd1 {[%emt 0:00:00]} h2 {[%emt 0:00:00]} 60. Be2 {[%emt 0:00:01]} h1=Q+ {[%emt 0:00:00]} 61. Kf2 {[%emt 0:00:03]} Qe4 {[%emt 0:00:00]} 62. Ke1 {[%emt 0:00:01]} Rg1+ {[%emt 0:00:01]} 63. Kd2 {[%emt 0:00:01]} Rg2 {[%emt 0:00:00]} 64. Kc1 {[%emt 0:00:02]} Qxe2 {[%emt 0:00:00]} 65. Kb1 {[%emt 0:00:01]} Qb2# {[%emt 0:00:01] (Lag: Av=0.74s, max=5.1s)} 0-1

[Event "Stay Safe Play From Home 237"]
[Site "Emanuel Lasker Arena"]
[Date "2020.06.18"]
[Round "7"]
[White "Mepe_Nika"]
[Black "matanant"]
[Result "1-0"]
[WhiteElo "2376"]
[BlackElo "1796"]
[Annotator "TA"]
[PlyCount "61"]
[EventDate "2020.06.18"]
[EventType "swiss (blitz)"]

{[%evp 10,61,72,72,88,72,65,70,111,110,104,80,155,104,158,143,144,164,172,132,174,168,422,380,668,310,305,230,374,319,302,228,232,240,234,212,228,243,234,243,275,253,487,357,475,477,811,795,772,790,790,772,749,704]} 1. d4 e6 2. Bf4 d5 3. e3 f5 4. c4 c6 5. Nc3 Nf6 6. Nf3 Bb4 {A84: Dutch Defence: 2 c4 Miscellaneous.} 7. Qc2 Ne4 8. Bd3 Bxc3+ {White is slightly better.} 9. bxc3 {[%cal Bb2c3,Bc3c4][%mdl 32]} O-O 10. O-O {[#]} Bd7 $146 (10... b6 $142) ({Predecessor:} 10... Nd7 11. Ne5 g5 12. Nxd7 Bxd7 13. Be5 Nf6 14. Rab1 b6 15. a4 Be8 16. cxd5 cxd5 {1-0 (46) Matitschka,H (1843)-Roth,J (1951) Berlin 2015}) 11. cxd5 (11. Rfb1 $142) 11... exd5 (11... cxd5 $142 12. c4 g5) 12. c4 $16 Be6 13. Rab1 {cxd5 is the strong threat.} b6 14. Ne5 Qc8 15. f3 {[#] Threatens to win with cxd5.} g5 $2 (15... Nf6 {keeps fighting.} 16. Rb2 Nbd7 17. Nxd7 Qxd7) 16. fxe4 $18 gxf4 $2 (16... dxe4 17. Bxg5 exd3 18. Nxd3 Nd7) 17. exd5 (17. exf5 $142 Bxf5 18. Rxf4 Bxd3 19. Rxf8+ Qxf8 20. Qxd3) 17... cxd5 18. Rxf4 dxc4 (18... Nc6 $142 19. Nxc6 Qxc6) 19. Bxc4 Bxc4 20. Qxc4+ Qxc4 21. Nxc4 Nc6 22. Rbf1 Ne7 23. Nd6 Nd5 24. R4f3 ({Not} 24. Nxf5 Nxf4 25. Rxf4 Kf7 $14) 24... Rf6 25. Nxf5 Re6 $2 (25... Re8 26. Rc1 Rfe6) 26. Rg3+ Kh8 {[#]} 27. e4 $1 {White is clearly winning.} Rxe4 (27... Ne7 $142 28. e5 Rg8 29. Rxg8+ Kxg8 30. Nxe7+ Rxe7) 28. Nd6 {[%cal Rd6f7]} Re7 29. Nf7+ Rxf7 30. Rxf7 Re8 31. Rgg7 {Accuracy: White = 73%, Black = 31%.} 1-0

[Event "Stay Safe Play From Home 237"]
[Site "Emanuel Lasker Arena"]
[Date "2020.06.18"]
[Round "7"]
[White "Greblha"]
[Black "Shyamph1980"]
[Result "1/2-1/2"]
[WhiteElo "1928"]
[BlackElo "1621"]
[Annotator "NA RC"]
[PlyCount "103"]
[EventDate "2020.06.18"]
[EventType "swiss (blitz)"]

1. e4 {[%emt 0:00:01]} c5 {[%emt 0:00:02]} 2. Nc3 {[%emt 0:00:01]} e6 {[%emt 0:00:01]} 3. g3 {[%emt 0:00:08]} Nc6 {[%emt 0:00:01]} 4. Bg2 {[%emt 0:00:01]} g6 {[%emt 0:00:01]} 5. d3 {[%emt 0:00:00]} Bg7 {[%emt 0:00:01]} 6. Be3 {[%emt 0:00:00]} Nge7 {[%emt 0:00:00]} 7. Bxc5 {[%emt 0:00:01]} O-O {[%emt 0:00:02]} 8. Be3 {[%emt 0:00:01]} b6 {[%emt 0:00:01]} 9. Qd2 {[%emt 0:00:01]} Bb7 {[%emt 0:00:00]} 10. Bh6 {[%emt 0:00:00]} Rc8 {[%emt 0:00:03]} 11. h4 {[%emt 0:00:01]} Nb4 {[%emt 0:00:05]} 12. h5 {[%emt 0:00:07]} d5 {[%emt 0:00:04]} 13. Bxg7 {[%emt 0:00:02]} Kxg7 {[%emt 0:00:01]} 14. hxg6 {[%emt 0:00:01]} fxg6 {[%emt 0:00:02]} 15. Qh6+ {[%emt 0:00:01]} Kf6 {[%emt 0:00:03]} 16. O-O-O {[%emt 0:00:19]} d4 {[%emt 0:00:02]} 17. e5+ {[%emt 0:00:22]} Kxe5 {[%emt 0:00:11]} 18. Bxb7 {[%emt 0:00:02]} Rc7 {[%emt 0:00:02]} 19. Qg7+ {[%emt 0:00:22]} Rf6 {[%emt 0:00:14]} 20. f4+ {[%emt 0:00:07]} Kf5 {[%emt 0:00:05]} 21. Be4+ {[%emt 0:00:08]} Kg4 {[%emt 0:00:03]} 22. Nge2 {[%emt 0:00:13]} Nf5 {[%emt 0:00:17]} 23. Bxf5+ {[%emt 0:00:04]} exf5 {[%emt 0:00:04]} 24. Rdf1 {[%emt 0:00:07]} Rff7 {[%emt 0:00:42]} 25. Rh4+ {[%emt 0:00:04]} Qxh4 {[%emt 0:00:01]} 26. Qxd4 {[%emt 0:00:07]} Qh3 {[%emt 0:00:11]} 27. Qxb4 {[%emt 0:00:08]} Qxf1+ {[%emt 0:00:03]} 28. Kd2 {[%emt 0:00:02]} Qf3 {[%emt 0:00:14]} 29. Qd6 {[%emt 0:00:02]} Rcd7 {[%emt 0:00:04]} 30. Qb8 {[%emt 0:00:06]} Rb7 {[%emt 0:00:02]} 31. Qd8 {[%emt 0:00:01]} Rbd7 {[%emt 0:00:01]} 32. Qg5+ {[%emt 0:00:01]} Kh3 {[%emt 0:00:02]} 33. Qh4+ {[%emt 0:00:01]} Kg2 {[%emt 0:00:01]} 34. Nd1 {[%emt 0:00:08]} Rfe7 {[%emt 0:00:04]} 35. Ndc3 {[%emt 0:00:00]} Rxe2+ {[%emt 0:00:02]} 36. Nxe2 {[%emt 0:00:01]} Re7 {[%emt 0:00:01]} 37. Nc3 {[%emt 0:00:01]} Qf2+ {[%emt 0:00:01]} 38. Ne2 {[%emt 0:00:02]} Qxe2+ {[%emt 0:00:01]} 39. Kc3 {[%emt 0:00:00]} Qe3 {[%emt 0:00:01]} 40. Qxe7 {[%emt 0:00:01]} Qxe7 {[%emt 0:00:01]} 41. b3 {[%emt 0:00:00]} Qc5+ {[%emt 0:00:01]} 42. Kb2 {[%emt 0:00:00]} Qd4+ {[%emt 0:00:01]} 43. Ka3 {[%emt 0:00:01]} Qe3 {[%emt 0:00:00]} 44. Kb4 {[%emt 0:00:00]} Qc5+ {[%emt 0:00:00]} 45. Ka4 {[%emt 0:00:01]} Qxc2 {[%emt 0:00:00]} 46. Kb4 {[%emt 0:00:01]} Qxd3 {[%emt 0:00:00]} 47. a4 {[%emt 0:00:00]} Qd4+ {[%emt 0:00:00]} 48. Ka3 {[%emt 0:00:00]} Qc5+ {[%emt 0:00:00]} 49. Kb2 {[%emt 0:00:00]} Qd4+ {[%emt 0:00:00]} 50. Ka3 {[%emt 0:00:01]} Qe3 {[%emt 0:00:00]} 51. Kb2 {[%emt 0:00:00]} Qd4+ {[%emt 0:00:00]} 52. Ka3 {[%emt 0:00:00] (Lag: Av=0.61s, max=0.9s)} 1/2-1/2

[Event "Stay Safe Play From Home 237"]
[Site "Emanuel Lasker Arena"]
[Date "2020.06.18"]
[Round "7"]
[White "Haris kollari 13"]
[Black "BrainThinker22"]
[Result "0-1"]
[WhiteElo "1821"]
[BlackElo "2098"]
[Annotator "NA RC"]
[PlyCount "60"]
[EventDate "2020.06.18"]
[EventType "swiss (blitz)"]

1. e4 {[%emt 0:00:01]} c6 {[%emt 0:00:01]} 2. f4 {[%emt 0:00:01]} d5 {[%emt 0:00:00]} 3. e5 {[%emt 0:00:00]} Bf5 {[%emt 0:00:01]} 4. d4 {[%emt 0:00:02]} e6 {[%emt 0:00:00]} 5. c3 {[%emt 0:00:00]} c5 {[%emt 0:00:01]} 6. Bd3 {[%emt 0:00:01]} Bxd3 {[%emt 0:00:01]} 7. Qxd3 {[%emt 0:00:01]} Qb6 {[%emt 0:00:00]} 8. b3 {[%emt 0:00:02]} Nc6 {[%emt 0:00:00]} 9. Nf3 {[%emt 0:00:01]} Rc8 {[%emt 0:00:01]} 10. Bd2 {[%emt 0:00:10]} cxd4 {[%emt 0:00:02]} 11. cxd4 {[%emt 0:00:01]} Nb4 {[%emt 0:00:03]} 12. Bxb4 {[%emt 0:00:02]} Bxb4+ {[%emt 0:00:00]} 13. Nbd2 {[%emt 0:00:03]} Rc3 {[%emt 0:00:02]} 14. Qe2 {[%emt 0:00:01]} Ne7 {[%emt 0:00:02]} 15. O-O {[%emt 0:00:02]} Nf5 {[%emt 0:00:01]} 16. a3 {[%emt 0:00:04]} Nxd4 {[%emt 0:00:03]} 17. Nxd4 {[%emt 0:00:05]} Bc5 {[%emt 0:00:07]} 18. N2f3 {[%emt 0:00:05]} Rxf3 {[%emt 0:00:05]} 19. Qxf3 {[%emt 0:00:11]} Bxd4+ {[%emt 0:00:01]} 20. Kh1 {[%emt 0:00:01]} Bxa1 {[%emt 0:00:01]} 21. Rxa1 {[%emt 0:00:01]} O-O {[%emt 0:00:01]} 22. g4 {[%emt 0:00:02]} Rc8 {[%emt 0:00:02]} 23. f5 {[%emt 0:00:03]} Qd4 {[%emt 0:00:01]} 24. Re1 {[%emt 0:00:03]} Rc3 {[%emt 0:00:03]} 25. Qe2 {[%emt 0:00:02]} Rxb3 {[%emt 0:00:11]} 26. f6 {[%emt 0:00:02]} gxf6 {[%emt 0:00:03]} 27. Rc1 {[%emt 0:00:09]} Qxe5 {[%emt 0:00:10]} 28. Rc8+ {[%emt 0:00:17]} Kg7 {[%emt 0:00:02]} 29. Qc2 {[%emt 0:00:06]} Rb2 {[%emt 0:00:14]} 30. Qc7 {[%emt 0:00:06]} Qe1# {[%emt 0:00:03] (Lag: Av=0.37s, max=0.6s)} 0-1

[Event "Stay Safe Play From Home 237"]
[Site "Emanuel Lasker Arena"]
[Date "2020.06.18"]
[Round "7"]
[White "Buzaglo"]
[Black "Dukic"]
[Result "1-0"]
[WhiteElo "1759"]
[BlackElo "1904"]
[Annotator "TA"]
[PlyCount "75"]
[EventDate "2020.06.18"]
[EventType "swiss (blitz)"]

{[%evp 9,75,-5,2,-9,-9,-108,-98,-122,-120,-117,-87,-75,0,0,226,228,295,293,333,185,266,210,250,281,306,42,27,-171,-70,-155,-8,-8,77,65,77,102,91,94,140,32,39,36,59,0,0,0,533,345,326,-324,-156,-600,-464,-1547,-1211,-2737,-2641,-2340,-2075,-1702,-1289,-5102,-4702,-29984,-29985,-29985,-29984,-12807]} 1. d4 e6 2. Nf3 d5 3. g3 c5 4. Bg2 Nc6 5. c4 dxc4 {[%cal Rc5d4]} 6. O-O {A30: Symmetrical English: Double Fianchetto and Hedgehog.} cxd4 {[#]} 7. a4 $146 (7. Nbd2 $11) ({Predecessor:} 7. Qa4 Nge7 8. Rd1 Bd7 9. Qxc4 Nf5 10. Bf4 Qb6 11. Na3 Rc8 12. g4 Bd6 13. gxf5 Bxf4 14. Nxd4 Nxd4 15. Qxd4 Qxd4 16. Rxd4 {½-½ (27) Wirig,A (2497)-Ninov,N (2511) Nancy 2010}) 7... Nf6 8. Bg5 {Black is better.} Be7 9. Na3 e5 10. Nxc4 Qc7 (10... h6 $17 11. Bxf6 Bxf6) 11. Rc1 $1 $11 Nd7 $2 (11... h6 $11 {and Black stays safe.} 12. Bd2 e4) 12. Bxe7 $18 Kxe7 13. Qd3 g6 14. h4 (14. Ng5 $142) 14... f6 (14... Kf8 $142) 15. h5 Nc5 16. Qa3 b6 17. Ncxe5 $2 (17. b4 $18 Nxb4 18. Qxb4) 17... fxe5 $14 18. Nxe5 $2 (18. e3 $11 Ba6 19. Rfe1) 18... Nxe5 (18... Qxe5 $19 19. Bxc6 Bh3) 19. Bxa8 (19. b4 $1 $15) 19... a5 ({Weaker is} 19... gxh5 20. b4 $16) (19... Bh3 $17 20. Bg2 Bxg2 21. Kxg2 Qd6) 20. Bg2 Rd8 ({Much weaker is} 20... gxh5 $6 21. b4 $16) (20... Ba6 $11 {remains equal.}) 21. b4 $1 $16 {[%cal Rb4c5]} axb4 22. Qxb4 Qd6 ({Not} 22... gxh5 $2 23. a5 $1 $18 {[%mdl 512]}) 23. a5 Ncd7 24. Qb5 ({Better is} 24. Qxd6+ $16 Kxd6 25. hxg6 hxg6 26. f4) 24... bxa5 $14 25. Qxa5 {Threatens to win with Rc7.} Ba6 26. Rfe1 (26. Rc2 $14) 26... gxh5 $11 27. Rc7 {And now f4 would win.} Bc4 $2 {[%mdl 8192]} (27... Rb8 $11 {and Black is okay.} 28. Rec1 d3) 28. e3 d3 {[#] ...Bb3 is the strong threat.} 29. Be4 $4 {[%mdl 8192]} (29. f4 $1 $18 {[%cal Rf4e5] is the narrow road to win.} d2 30. Rd1) 29... Be6 (29... Bb3 $19 30. f4 d2) 30. Rc3 $2 (30. Rd1 $17 Rg8 31. Bxh7) 30... Bg4 {aiming for ...d2.} 31. f3 (31. Ra1 $142 d2 32. Bc2 d1=Q+ 33. Bxd1 Bxd1 34. Qa2) 31... Bxf3 {Hoping for ...d2.} 32. Qd5 Qxd5 33. Bxd5 Bxd5 34. e4 Nf3+ 35. Kf2 Nxe1 36. Kxe1 Bxe4 37. Kd2 Bg6 38. Rc7 {[%mdl 32768] Accuracy: White = 32%, Black = 33%. . Loss on time!?} 1-0

[Event "Stay Safe Play From Home 237"]
[Site "Emanuel Lasker Arena"]
[Date "2020.06.18"]
[Round "7"]
[White "Edmatuag"]
[Black "Lazieri3"]
[Result "0-1"]
[WhiteElo "1619"]
[BlackElo "2088"]
[Annotator "TA"]
[PlyCount "102"]
[EventDate "2020.06.18"]
[EventType "swiss (blitz)"]

{[%evp 14,102,20,15,15,0,12,16,15,18,22,16,36,30,38,34,54,43,58,16,37,32,42,22,33,15,36,25,33,27,34,19,40,0,0,0,0,0,0,0,0,0,0,0,0,-17,-17,-39,-42,-39,-63,-225,-90,-261,-90,-399,-254,-566,-572,-576,-576,-576,-576,-572,-565,-565,-565,-565,-565,-565,-565,-558,-558,-548,-548,-530,-525,-514,0,-56,0,-497,-460,-589,-569,-543,-513,-1548,-1376,-12841,-12840]} 1. e4 c6 2. Nf3 d5 3. exd5 cxd5 4. d4 Nc6 5. Bd3 Nf6 6. c3 Bg4 7. O-O e6 8. h3 Bh5 {B13: Caro-Kann: Exchange Variation and Panov-Botvinnik Attack.} 9. Bg5 {[#]} Bg6 $146 (9... Qc7 {looks sharper.} 10. Nbd2 Bd6 11. Re1 O-O 12. Rc1 Rac8) ({Predecessor:} 9... Be7 10. Nbd2 O-O 11. Re1 Rb8 12. a4 Bg6 13. Be2 {½-½ (13) Teske,H (2538)-Doettling,F (2526) Germany 2005}) 10. Bxg6 hxg6 {The position is equal.} 11. Nbd2 Be7 12. Re1 Nd7 13. Bxe7 Qxe7 14. Qb3 b6 15. Qb5 Rc8 16. Ne5 Ncxe5 17. Rxe5 O-O 18. Re3 Nf6 19. Rae1 Qd6 20. Qa6 Rc7 21. Nf3 Rfc8 22. Ne5 Nd7 23. f4 Nxe5 24. fxe5 Qc6 25. Rf3 b5 26. Qxc6 Rxc6 $11 {[%mdl 4096] Endgame KRR-KRR} 27. Ref1 R8c7 28. a3 a5 29. R1f2 Rc4 30. Kh2 b4 31. axb4 axb4 32. g4 $2 {[#]} ({White should play} 32. Rc2 $15) 32... bxc3 (32... g5 $1 $19 {[%cal Rb4c3] and Black stays clearly on top.} 33. cxb4 Rxd4) 33. bxc3 $2 {[#]} (33. Rxc3 $17 {was the only chance.} Rxc3 34. bxc3) 33... Rxc3 $2 (33... g5 $1 $19 {is more deadly.} 34. Kg3 Rxc3) 34. Kg3 $2 {[%mdl 8192]} (34. g5 $17) 34... R7c4 35. Rd2 $2 (35. Rxc3 Rxc3+ 36. Rf3 Rxf3+ 37. Kxf3) 35... g5 $19 36. Kf2 Rxf3+ 37. Kxf3 {KR-KR} Rc3+ 38. Kg2 Kh7 39. Rd1 Kg6 40. Rd2 f6 41. exf6 gxf6 42. Re2 Kf7 43. Rd2 Ra3 44. Rd1 Ke7 45. Rd2 Kd6 $2 (45... Ra4 $19 {And now ...Kf7 would win.} 46. h4 gxh4) 46. Rf2 $15 Ke7 $2 {[%mdl 8192]} (46... Rd3 $15 47. Rxf6 Rd2+ 48. Kg3 Rd3+ 49. Kg2 Rd2+ 50. Kf3 Rxd4) 47. Rd2 $1 $19 Ra4 {Black is clearly winning.} 48. Rd1 Kd6 49. Rd2 e5 50. dxe5+ (50. Rf2 $142 Ke6 51. dxe5 fxe5 52. Rf5) 50... fxe5 51. h4 Rxg4+ {[%mdl 64] Double Attack. Accuracy: White = 61%, Black = 76%.} 0-1